00435 2200169 4500001002100000008004100021035002000062245004200082100002200124260002400146300002700170020002200197084001400219082000800233990001200241990001200253INLIS000000000001467 Ind  a0010-1024000020 aYuh Belajar SholatcUst. Hadiyatullah aHadiyatullah, Ust aJakartabEmirc2015 a110 hlm.c19 x 24,5 cm a978-602-0935-29-4 a297 HAD y a297 a0753730 a0753731